000 00334 a2200109 4500
001 ART_17824
005 20260410161700.0
008 260409a
245 1 0 _aMercado, plan, crecimiento, estabilidad en la Argentina
100 1 _aSturzenegger, Adolfo
773 0 _tEnsayos Económicos
_g- Nº 31 (sep. 1984)
_wREV620
999 _c15127
_d15127